| 000 | 00648cam a22002172 4500 | ||
|---|---|---|---|
| 001 | 0000024119 | ||
| 005 | 20151217152257.0 | ||
| 008 | 130611s xx 000 0 eng d | ||
| 020 | _a9966467351 : | ||
| 040 |
_aKABU _cKABU |
||
| 245 | 1 | 0 |
_aAncient civilizations of Africa / _ceditor G. Mokhtar. |
| 250 | _aabridged ed. | ||
| 260 |
_aNairobi : _bE. A. E. P., _c1990. |
||
| 300 | _axx, 420 p. | ||
| 490 | 0 |
_aGeneral history of Africa ; _vII |
|
| 651 | 0 |
_aAfrica _xHstory _yT0 1498. _@0000184090 |
|
| 700 | 1 |
_aMokhtar, G. _@0000184089 |
|
| 852 | 1 | _9p980 KES | |
| 908 | _a130611 | ||
| 950 | _@1 | ||
| 999 |
_c10186 _d10186 |
||